Modern Family Characters - Statistics

General Stats
  • This quiz has been taken 59 times
  • The average score is 16 of 26
Answer Stats
Hint Answer % Correct
Oldest member of the family Jay Pritchett
96%
Jay's dog Stella
86%
Second child of Phil and Claire Alex Dunphy
82%
Third child of Phil and Claire Luke Dunphy
80%
Son of Gloria and step-son of Jay Manny Delgado
80%
Jay's daughter Claire Dunphy
78%
Mitchell's husband Cameron Tucker
76%
First child of Phil and Claire Haley Dunphy
76%
Adopted daughter of Mitch and Cam Lily Tucker-Pritchett
76%
Jay's first son Mitchell Pritchett
76%
Real-estate agent Phil Dunphy
76%
Colombian wife of Jay Gloria Delgado-Pritchett
75%
Manny's step-brother Joe Pritchett
75%
Jay's ex-wife DeDe Pritchett
71%
Phil's father Frank Dunphy
65%
Gloria's ex-husband Javier Delgado
59%
Haley's first boyfriend Dylan Marshall
57%
Phil's rival Gil Thorpe
51%
Jay's best friend Shorty
51%
Wedding planner and friend of Mitch and Cam Pepper Saltzman
49%
Former manny for Jay and Gloria Andy Bailey
43%
Cam's mother Barbara Tucker
35%
Weatherman and Haley's ex-boyfriend Rainer Shine
35%
Cam's father Merle Tucker
24%
Gloria's sister Sonia Ramirez
24%
Gloria's mother Pilar Ramirez
18%
No matching quizzes found
Score Distribution
Percent of People with Each Score
Percentile by Number Answered
Your Score History
You have not taken this quiz